000 00732 a2200217 4500
010 _aENG-89183
020 _a9788120334465
_c395.00
035 _aEN-72716
037 _bDBAD / PUB
082 1 4 _a624.171
090 _c10464
_d10464
100 1 _aChopra, Anil K.
245 1 _aDynamics of structures :
_btheory and applicatiions to earthquake engineering /
_cby Anil K Chopra
250 _a3rd ed
260 _aNew Delhi
_bPrentice-Hall of India
_c2008
270 _aM-97, Connaught Circus,
_bNew Delhi
_e110001
300 _axxxiv,876p
_c24 cm (pbk)
500 _aIncludes index
942 _adpl
_cEN
_k624.171 / CHO
999 _c10191
_d10191